书目信息 |
| 题名: |
学院英语
|
|
| 作者: | 李德荣 主编 | |
| 分册: | 第四册 | |
| 出版信息: | 上海 上海交通大学出版社 2002.01 |
|
| 页数: | 250页 | |
| 开本: | 20cm | |
| 丛书名: | ||
| 单 册: | ||
| 中图分类: | H31 | |
| 科图分类: | ||
| 主题词: | 英语--高等教育--教材 | |
| 电子资源: | ||
| ISBN: | 7-313-02910-1 | |
| 000 | 00811nam0 2200241 450 | |
| 001 | 0160596061 | |
| 005 | 20050820102922.47 | |
| 010 | @a7-313-02910-1@d14.00CNY | |
| 100 | @a20050402d2002 km y0chiy0121 ea | |
| 101 | 0 | @achi@aeng |
| 102 | @aCN@b310000 | |
| 105 | @ay z 000yy | |
| 200 | 1 | @a学院英语@Axue yuan ying yu@h第四册@f李德荣主编@Fli de rong zhu bian |
| 210 | @a上海@c上海交通大学出版社@d2002.01 | |
| 215 | @a250页@d20cm | |
| 300 | @a21世纪高职高专通用教材 。 | |
| 330 | @a本书在强调听说和阅读的同时,并不忽视其他技能的训练。书中配有词汇和写作的内容,而且既有讲解又有练习,听力练习部分配有录音带。 | |
| 510 | 1 | @aCollege English. IV@zeng |
| 606 | 0 | @a英语@x高等教育@x教材 |
| 690 | @aH31@v4 | |
| 701 | 0 | @a李德荣@Ali de rong@4主编 |
| 801 | 0 | @aCN@bQSSK@c20050820 |
| 905 | @a10447@dH31@eL145 | |
| 学院英语.第四册/李德荣主编.-上海:上海交通大学出版社,2002.01 |
| 250页;20cm |
| 21世纪高职高专通用教材 。 |
| ISBN 7-313-02910-1:14.00CNY |
| 本书在强调听说和阅读的同时,并不忽视其他技能的训练。书中配有词汇和写作的内容,而且既有讲解又有练习,听力练习部分配有录音带。 |
| ● |
| 相关链接 |
|
|
|
正题名:学院英语
索取号:H31/L145
 
预约/预借
| 序号 | 登录号 | 条形码 | 馆藏地/架位号 | 状态 | 备注 |
| 1 | 562413 | 205624136 | 语言库209/504自科库 46排5列3层/ [索取号:H31/L145] | 在馆 | |
| 2 | 562414 | 205624145 | 语言库209/504自科库 46排5列3层/ [索取号:H31/L145] | 在馆 | |
| 3 | 562415 | 205624154 | 语言库209/504自科库 46排5列3层/ [索取号:H31/L145] | 在馆 |